Najpopularniejsze marki opon - Statystyki

Ogólne statystyki
  • Ten quiz został rozwiązany 38 razy
  • Średni wynik to 5 z 11
Statystyki odpowiedzi
Pierwsza Litera Marka % Poprawnych
M Michelin
94%
P Pirelli
79%
G Goodyear
67%
B Bridgestone
55%
D Dunlop
55%
C Continental
42%
F Firestone
42%
Y Yokohama
42%
H Hancook
30%
T Toyo
30%
C Cooper
9%
Nie znaleziono quizów pasujących do podanych kryteriów
Rozkład punktacji
Procent ludzi z każdym wynikiem
Percentyl według liczby udzielonych odpowiedzi
Twoja historia wyników
Nie rozwiązałeś tego quizu